| 000 | 00439nam a22001457a 4500 | ||
|---|---|---|---|
| 008 | 161102b xxu||||| |||| 00| 0 eng d | ||
| 050 | _aBX2350.2.D29 | ||
| 100 |
_aDalrymple, John _97415 |
||
| 245 |
_aTheology and Spirituality _cJohn Dalrymple |
||
| 260 |
_aCork _bThe Mercier Press _c1970 |
||
| 300 |
_a95p. ; _c19cm. |
||
| 440 |
_aTheology today _n18 _927209 |
||
| 650 |
_aSpiritual life _xCatholic authors _95665 |
||
| 942 |
_2lcc _cMONOGRAPH |
||
| 999 |
_c125643 _d125643 |
||